A szegedi közlekedés okozta környezetterhelés hatásrendszere

The city and intercity traffic causes significant environmental load. This environmental load could be explained with a complex system of effects. This work illustrates, in a table, the essentials of the effect system of traffic based on 10 years of research. The city of Szeged currently performs an...

Teljes leírás

Elmentve itt :
Bibliográfiai részletek
Szerzők: Pitrik József
Benkő Zsolt
Dudás Tünde
Testületi szerző: International Symposium on Analytical and Environmental Problems (17.) (2011) (Szeged)
Dokumentumtípus: Könyv része
Megjelent: SZAB Szeged 2012
Sorozat:Proceedings of the International Symposium on Analytical and Environmental Problems 17
Kulcsszavak:Infrastruktúra - városi - Szeged, Környezetszennyezés, Környezetvédelem
Tárgyszavak:
Online Access:http://acta.bibl.u-szeged.hu/76486
LEADER 01534naa a2200265 i 4500
001 acta76486
005 20220822102335.0
008 220811s2012 hu o 1|| hun d
020 |a 978-963-315-066-5 
040 |a SZTE Egyetemi Kiadványok Repozitórium  |b hun 
041 |a hun 
041 |a eng 
100 1 |a Pitrik József 
245 1 2 |a A szegedi közlekedés okozta környezetterhelés hatásrendszere  |h [elektronikus dokumentum] /  |c  Pitrik József 
260 |a SZAB  |b Szeged  |c 2012 
300 |a 455-459 
490 0 |a Proceedings of the International Symposium on Analytical and Environmental Problems  |v 17 
520 3 |a The city and intercity traffic causes significant environmental load. This environmental load could be explained with a complex system of effects. This work illustrates, in a table, the essentials of the effect system of traffic based on 10 years of research. The city of Szeged currently performs an extensive traffic improvement what could help to create a more habitable city if the effects and results are well known. 
650 4 |a Természettudományok 
650 4 |a Föld- és kapcsolódó környezettudományok 
695 |a Infrastruktúra - városi - Szeged, Környezetszennyezés, Környezetvédelem 
700 0 1 |a Benkő Zsolt  |e aut 
700 0 1 |a Dudás Tünde  |e aut 
711 |a International Symposium on Analytical and Environmental Problems (17.) (2011) (Szeged)  |c Szeged  |d 2011. szeptember 19. 
856 4 0 |u http://acta.bibl.u-szeged.hu/76486/1/proceedings_of_isaep_2011_455-459.pdf  |z Dokumentum-elérés